Mechanics of materials (Record no. 7098)

000 -LEADER
fixed length control field 00515nam a2200193 a 4500
001 - CONTROL NUMBER
control field 7098
003 - CONTROL NUMBER IDENTIFIER
control field BD-DhUET
008 - FIXED-LENGTH DATA ELEMENTS--GENERAL INFORMATION
fixed length control field 900618s1991 nyua 001 0 eng
040 ## - CATALOGING SOURCE
Original cataloging agency DLC
Transcribing agency DLC
Modifying agency BD-DhUET
082 00 - DEWEY DECIMAL CLASSIFICATION NUMBER
Classification number 620.11
Item number LAU/1954
100 ## - MAIN ENTRY--PERSONAL NAME
Personal name Laurson,Philip Gustave
245 10 - TITLE STATEMENT
Title Mechanics of materials
250 ## - EDITION STATEMENT
Edition statement 3rd ed.
260 ## - PUBLICATION, DISTRIBUTION, ETC. (IMPRINT)
Place of publication, distribution, etc. New York
Name of publisher, distributor, etc. John wiley & sons
Date of publication, distribution, etc. 1954
300 ## - PHYSICAL DESCRIPTION
Extent vii, 414 p.
Other physical details ill.
Dimensions 25 cm.
650 #0 - SUBJECT ADDED ENTRY--TOPICAL TERM
Topical term or geographic name as entry element Strength of materials engineering
700 ## - ADDED ENTRY--PERSONAL NAME
Personal name Cox, William Junkin
942 ## - ADDED ENTRY ELEMENTS (KOHA)
Koha item type General Book
Holdings
Koha issues (times borrowed) Koha date last seen Damaged status Lost status Source of classification or shelving scheme Withdrawn status Koha full call number Copy number Not for loan Piece designation (barcode) Price effective from Date acquired Koha normalized classification for sorting Sublocation or collection (holding branch) Shelving location Location (home branch) Koha date last borrowed Koha item type
12019-12-04    620.11/LAU/19541 743092014-12-072014-12-07620_000000000000000_11LAU1954Central Library, BUETCirculation sectionCentral Library, BUET2019-10-30General Book
 2014-12-07    620.11/LAU/19542 743102014-12-072014-12-07620_000000000000000_11LAU1954Central Library, BUETCirculation sectionCentral Library, BUET General Book
 2015-03-30    620.11/LAU/19543 174912015-03-302015-03-30620_110000000000000_LAU_1954Central Library, BUETCirculation sectionCentral Library, BUET General Book
 2015-04-30    620.11/LAU/19544 540252015-04-302015-04-30620_110000000000000_LAU_1954Central Library, BUETCirculation sectionCentral Library, BUET General Book
 2015-04-30    620.11/LAU/19545 540272015-04-302015-04-30620_110000000000000_LAU_1954Central Library, BUETCirculation sectionCentral Library, BUET General Book
 2015-06-20    620.11/LAU/19646 540222015-06-202015-06-20620_110000000000000_LAU_1964Central Library, BUETReading sectionCentral Library, BUET Reading Item
 2015-06-20    620.11/LAU/19647 540182015-06-202015-06-20620_110000000000000_LAU_1964Central Library, BUETReading sectionCentral Library, BUET Reading Item
 2015-06-29    620.11/LAU/19548 540282015-06-292015-06-29620_110000000000000_LAU_1954Central Library, BUETReading sectionCentral Library, BUET Reading Item
 2015-06-29    620.11/LAU/19649 540192015-06-292015-06-29620_110000000000000_LAU_1964Central Library, BUETReading sectionCentral Library, BUET Reading Item
 2015-06-29    620.11/LAU/196410 540202015-06-292015-06-29620_110000000000000_LAU_1964Central Library, BUETReading sectionCentral Library, BUET Reading Item
 2015-07-01    620.11/LAU/195411 540142015-07-012015-07-01620_110000000000000_LAU_1954Central Library, BUETReading sectionCentral Library, BUET Reading Item